LDR 01411naa#a2200253#i#450# 001 EN\\bibl\120537 005 20260425121519.6 011 ## _a0235-2524 100 ## _a20260416b2026####ek#y0engy0150####ca 102 ## _aRU 200 1# _aFeatures of hydrochemical water regime in the river Araks under conditions of technogenic load _eJournal article 210 1# _aMoscow _cANO Editorial Board Melioration and water management _d2026 215 ## _a4 с. 606 ## _aПриродообустройство и водопользование. 20.03.02 _2local 608 ## _aJournal article _2local 675 ## _aШлюзованные каналы (каналы через водоразделы или соединительные каналы). 626.113 _aРыбоходы, рыбопропускные сооружения, лестничные рыбоходы. 626.882 _z 686 ## _aЕстественнонаучные и технические основы сельского хозяйства. 40 _2bbk 686 ## _aОбщие вопросы. 5630 _2tbk 686 ## _aИспытания, измерения, контроль в водном хозяйстве. 70.81 _2grnti 686 ## _aОбщие вопросы водного хозяйства. 70.01 _2grnti 700 #1 _aGurbanova _gLamiya Gyunduz kyzy 700 #1 _aAlieva _gFidan Zyulfugar kyzy 700 #1 _aShekiliev _gFikret Ibragim ogly 856 4# _amivh.editorum.ru _u